000 00769nam a2200241Ia 4500
003 OSt
005 20220918194640.0
006 a|||||r|||| 00| 0
007 ta
008 220917b |||||||| |||| 00| 0 eng d
024 _a80,722
037 _cTextual
040 _aARTS
_cARTS
_beng
041 _2eng
_aeng
082 _aS851p1:N67, K9 (SD)
110 _aInternational Symposium On The Psychophysiological Mechanisms Of Hypnosis, 1967 (Tourtour Var)
_986123
245 0 _aProceedings ed by Leon Chertok
260 _c1969
650 _aPSYCHOLOGY
700 _aInternational Symposium On The Psychophysiological Mechanisms Of Hypnosis, 1967 (Tourtour Var)
_986124
942 _hS851p1:N67, K9 (SD)
_cTEXL
_2CC
999 _c204444
_d204444